000 00454nam a22001817a 4500
003 koha_MIRAKIL
005 20231213100048.0
008 231213b |||||||| |||| 00| 0 ||| d
020 _b978-0-399-25713-1
040 _aTR-IsEVY
_btur
_cTR-IsEVY
082 _a420 CAR/T
100 _aCARLE, ERIC.
245 4 _aTHE ARTIST WHO PAINTED A BLUE HORSE.
260 _bPhilomel,
_c2011
300 _a[ ] p.
650 _aİngiliz Dili.
942 _2ddc
_cBK
999 _c13897
_d13897